000 01742nam0a2200385 4500
001 RU\NLR\BIBL_A\012553670
005 20241102065015.0
010 _a9785891547025
_9100
021 _aRU
_b2021-9420
_9КН-П-750
035 _a(RuMoRGB)010579117
035 _a(NLR Aleph) 012553670
090 _a12438409
_c12438409
100 _a20210628d2020 k y0rusy50 ca
101 0 _arus
102 _aRU
105 _aa z 000zy
181 0 _ai
_baxxe
182 0 _an
200 1 _aПатриотизм в структуре гражданской идентичности современной России
_eмонография
_fЭ. А. Зелетдинова, В. В. Дьякова, О. Ю. Дьяков
_gАстраханский государственный технический университет
203 _aТекст
_bвизуальный
_cнепосредственный
210 _aАстрахань
_cИздательство АГТУ
_d2020
215 _a115, [1] с.
_cил.
_d21
320 _aБиблиогр.: с. 100-109
606 _aПатриотизм
_xСоциологические исследования
_yРоссийская Федерация
_91271601
_3RU\NLR\AUTH\66523401
606 1 _aИдентичность гражданская
_yРоссийская Федерация
_92294671
_3RU\NLR\AUTH\6601601237
686 1 _aС550.561
686 1 _aТ3(2)74-72
686 1 _aФ3(2)11
700 1 _aЗелетдинова
_bЭ. А.
_gЭльвира Анваровна
701 1 _aДьякова
_bВ. В.
_gВера Валерьевна
701 1 _aДьяков
_bО. Ю.
_gОлег Юрьевич
942 _cBOOK
980 _aNBR